logo

Bir Sreshtho Munshi Abdur Rouf Library
Jhenaidah Cadet College

English Grammar in Use : (Record no. 6750)

MARC details
000 -LEADER
fixed length control field 00683nam a2200241 a 4500
001 - CONTROL NUMBER
JCCL Control Number 6750
003 - CONTROL NUMBER IDENTIFIER
JCCL marc code BD-JhCC
005 - DATE AND TIME OF LATEST TRANSACTION
control field 20200407134007.0
008 - FIXED-LENGTH DATA ELEMENTS--GENERAL INFORMATION
fixed length control field 180129b1985 bg a|||| ||a| 001 0 ben d
020 ## - INTERNATIONAL STANDARD BOOK NUMBER
International Standard Book Number 9848272976
Terms of availability 052143680X
035 ## - SYSTEM CONTROL NUMBER
system control number (BD-JhCC)6750
040 ## - CATALOGING SOURCE
Original cataloging agency BD-JhCC
Modifying agency BD-JhCC
041 ## - LANGUAGE CODE
Language code of Book ben
082 ## - DEWEY DECIMAL CLASSIFICATION NUMBER
Classification number 425
Author mark and Year MUR 1985
100 ## - MAIN ENTRY--PERSONAL NAME
Personal name Murphy, Raymond
245 ## - TITLE STATEMENT
Title English Grammar in Use :
Remainder of title a self-study reference and practice book for intermediate students /
Statement of responsibility, etc Raymond Murphy
250 ## - EDITION STATEMENT
Edition statement 2nd ed.
260 ## - PUBLICATION, DISTRIBUTION, ETC. (IMPRINT)
Place of publication, distribution, etc New York :
Name of publisher, distributor, etc Cambridge University Press,
Date of publication, distribution, etc 1985.
300 ## - PHYSICAL DESCRIPTION
Pagination p. :
Dimensions 24 cm.
650 ## - SUBJECT ADDED ENTRY--TOPICAL TERM
Topical term or geographic name as entry element English Grammer
942 ## - ADDED ENTRY ELEMENTS (KOHA)
Source of classification or shelving scheme Dewey Decimal Classification
Koha item type Books
Koha issues (borrowed), all copies 2
Holdings
Source of classification or shelving scheme Damaged status Not for loan Home library Current library Shelving location Date of accession Total Checkouts Full call number Barcode Checked out Date last seen Date checked out Copy number Koha item type
Dewey Decimal Classification     JCC Rouf Library JCC Rouf Library General Stacks 01/29/2018 2 425 MUR 1985 8764 03/28/2026 02/18/2026 02/18/2026 C-1 Books

JCC Library | Contacts | JCC Home

Last Update on 23 September 2017
Copyright @ 2017-2020 JCC Rouf Library
Rouf Library, Jhenidah Cadet College (JCC), Bangladesh